Statystyki dla Męskie Imiona na literę D

Kliknij tutaj aby rozwiązać quiz!

Ogólne statystyki

  • Ten quiz został rozwiązany 340 razy
    (198 od ostatniego zresetowania)
  • Średni wynik to 6 z 15

Statystyki odpowiedzi

Imiona% Poprawnych
Damian
90%
Dariusz
87%
Daniel
80%
Dawid
74%
Dominik
74%
Dorian
46%
Darek
40%
Dionizy
27%
Denis
17%
Dobromił
17%
Donald
14%
Dezydery
10%
Diego
8%
Dezyderiusz
5%
Dobromysł
0%

Rozkład punktacji

Percentyl według liczby udzielonych odpowiedzi

Procent ludzi z każdym wynikiem

Twoja historia wyników

Nie rozwiązałeś tego quizu od ostatniego zresetowania